Entry Nombre personal
001 - NÚMERO DE CONTROL
- campo de control: 240621
003 - IDENTIFICADOR DE NÚMERO DE CONTROL
- campo de control: DLC
005 - FECHA Y HORA DE LA ÚLTIMA TRANSACCIÓN
- campo de control: 20250522164706.0
008 - ELEMENTOS DE DATO DE LONGITUD-FIJA
- campo de control de longitud fija: 941114n| acannaabn |n aaa
010 ## - NÚMERO DE CONTROL DE LA BIBLIOTECA DEL CONGRESO
- Número de control de LC: n 94109872
035 ## - NÚMERO DE CONTROL DEL SISTEMA
- Número de control de sistema: (OCoLC)oca03726827
040 ## - FUENTE DE CATALOGACIÓN
- Centro catalogador/agencia de origen: DLC
- Lengua de catalogación: eng
- Centro/agencia transcriptor: DLC
- Centro/agencia modificador: DLC
- Centro/agencia modificador: OCoLC
053 #0 - NÚMERO DE CLASIFICACIÓN LC
- Número de clasificación–único número o número inicial del rango: PQ9469.2.D56
100 1# - ENCABEZAMIENTO-NOMBRE DE PERSONA
- Nombre de persona: Diéguez, Lois,
- Fechas asociadas al nombre: 1944-
670 ## - FUENTE DE DATOS ENCONTRADOS
- Cita de la fuente: Monólogos do espello, 1993:
- Información encontrada: t.p. (Lois Diéguez) front flap (b. 04-17-44 in Monforte de Lemos, Spain; surveyor and parliamentary representative of Parlamento Galego; has written poetry and narratives)
